000 00724nam a2200229Ia 4500
001 992
003 GE_BSU
008 181216s||||||||xx |||||||||||||| ||und||
020 _a589349721{
040 _cGE_BSU
080 _a81(076.8)
100 _aНелюбин,Л.Л; Хухуни,Г.Т;
245 _aНаука о переводе (История и теория с древнейших времен до наших дней
245 _bУчебное пособие .
260 _aМосква:
260 _b,,Флинта
260 _c2006
300 _a414 с.
541 _h12 л.
653 _aИстория и теория с древнейших времен до наших дней.
942 _cBK
999 _c35150
_d35150